| Tag |
First Indicator |
Second Indicator |
Subfields |
| LEADER |
00000cam a2200000 i 4500 |
| 001 |
in00003903607 |
| 005 |
20210514091553.0 |
| 006 |
m o d f |
| 007 |
cr b|||||a|||| |
| 008 |
171025s2017 dcua ob f000 0 eng c |
| 035 |
|
|
|a (OCoLC)on1007539623
|
| 042 |
|
|
|a pcc
|
| 043 |
|
|
|a n-us---
|
| 040 |
|
|
|a GPO
|b eng
|e rda
|e pn
|c GPO
|d GPO
|d MERUC
|d GPO
|d OCLCF
|d LWA
|d GPO
|d MvI
|
| 049 |
|
|
|a WWW
|
| 050 |
|
4 |
|a KF26
|b .E6 2011s
|
| 074 |
|
|
|a 1045-C (online)
|
| 086 |
0 |
|
|a Y 4.P 96/10:S.HRG.112-982
|
| 110 |
1 |
|
|a United States.
|b Congress.
|b Senate.
|b Committee on Environment and Public Works,
|e author.
|
| 245 |
1 |
2 |
|a A review of the 2011 floods and the condition of the nation's flood control systems :
|b hearing before the Committee on Environment and Public Works, United States Senate, One Hundred Twelfth Congress, first session, October 18, 2011.
|
| 264 |
|
1 |
|a Washington :
|b U.S. Government Publishing Office,
|c 2017.
|
| 300 |
|
|
|a 1 online resource (iv, 230 pages) :
|b illustrations.
|
| 336 |
|
|
|a text
|b txt
|2 rdacontent
|
| 337 |
|
|
|a computer
|b c
|2 rdamedia
|
| 338 |
|
|
|a online resource
|b cr
|2 rdacarrier
|
| 490 |
1 |
|
|a S. hrg. ;
|v 112-982
|
| 588 |
|
|
|a Online resource; title from PDF title screen (FDsys, viewed on Oct. 25, 2017).
|
| 500 |
|
|
|a Paper version available for sale by the Superintendent of Documents, United States Government Publishing Office.
|
| 504 |
|
|
|a Includes bibliographical references.
|
| 610 |
1 |
0 |
|a United States.
|b Army.
|b Corps of Engineers.
|
| 650 |
|
0 |
|a Floods
|z Mississippi River Valley.
|
| 650 |
|
0 |
|a Floods
|z Missouri River Watershed.
|
| 650 |
|
0 |
|a Flood damage
|z Mississippi River Valley.
|
| 650 |
|
0 |
|a Flood damage
|z Missouri River Watershed.
|
| 650 |
|
0 |
|a Flood control
|z United States
|x Evaluation.
|
| 650 |
|
0 |
|a Levees
|z United States.
|
| 650 |
|
0 |
|a Dams
|z United States.
|
| 655 |
|
7 |
|a Legislative hearings.
|2 lcgft
|
| 776 |
0 |
8 |
|i Print version:
|a United States. Congress. Senate. Committee on Environment and Public Works.
|t Review of the 2011 floods and the condition of the nation's flood control systems
|w (OCoLC)1011687684
|
| 776 |
0 |
8 |
|i Microfiche version:
|a United States. Congress. Senate. Committee on Environment and Public Works.
|t Review of the 2011 floods and the condition of the nation's flood control systems
|w (OCoLC)1035640223
|
| 810 |
1 |
|
|a United States.
|b Congress.
|b Senate.
|t S. hrg. ;
|v 112-982.
|
| 856 |
4 |
0 |
|u https://purl.fdlp.gov/GPO/gpo85956
|t 0
|
| 856 |
4 |
0 |
|u http://purl.fdlp.gov/GPO/gpo85956
|t 0
|
| 999 |
f |
f |
|s 846cac8b-6679-313d-88cb-845e325b39e6
|i 7943c7d5-9b16-31ec-8deb-70ca0b79fc28
|t 0
|
| 952 |
f |
f |
|a Texas A&M University
|b College Station
|c Electronic Resources
|d Available Online
|t 0
|e Y 4.P 96/10:S.HRG.112-982
|h Superintendent of Documents classification
|
| 998 |
f |
f |
|a Y 4.P 96/10:S.HRG.112-982
|t 0
|l Available Online
|